Atlas learning - Centered Communication Workbook Vol.1
שמור ב:
| מחבר ראשי: | |
|---|---|
| מחברים אחרים: | |
| פורמט: | ספר |
| יצא לאור: |
Boston, MA
Heinle & Heinle Pub.
1995
|
| נושאים: | |
| תגים: |
הוספת תג
אין תגיות, היה/י הראשונ/ה לתייג את הרשומה!
|
| Thư viện lưu trữ: | Trung tâm Học liệu Lê Vũ Hùng, Trường Đại học Đồng Tháp |
|---|
| LEADER | 00746pam a22002418a 4500 | ||
|---|---|---|---|
| 001 | 00023745 | ||
| 005 | 20171026081025.0 | ||
| 008 | 110629s1995 ||||||Engsd | ||
| 020 | # | # | |a 0838440894 |
| 041 | 0 | # | |a Eng |
| 082 | 1 | # | |a 428 |b A100T |
| 100 | 1 | # | |a Llanas, Angela |
| 245 | 1 | 0 | |p Workbook |a Atlas |b learning - Centered Communication |c Angela Llanas, Libby Williams |n Vol.1 |
| 260 | # | # | |a Boston, MA |b Heinle & Heinle Pub. |c 1995 |
| 300 | # | # | |a 65 p. |b picture |c 28 cm. |
| 653 | # | # | |a Ngữ pháp |
| 653 | # | # | |a Tiếng anh |
| 700 | 1 | # | |a Williams, Libby |
| 852 | # | # | |b Kho đọc |j KD.0008211 |
| 852 | # | # | |j KD.0008211 |
| 910 | # | # | |a Ntuyet |d 29/06/2011 |
| 980 | # | # | |a Trung tâm Học liệu Lê Vũ Hùng, Trường Đại học Đồng Tháp |


